[Event "Saint Louis Blitz 2017"]
[Site "Saint Louis"]
[Date "2017.08.17"]
[Round "6"]
[White "Nakamura, Hikaru"]
[Black "Navara, David"]
[Result "1-0"]
[WhiteElo "2792"]
[BlackElo "2737"]
[Annotator "TA"]
[PlyCount "77"]
[EventDate "2017.??.??"]
[EventType "tourn"]
[EventCountry "USA"]
[SourceTitle "playchess.com"]
[Source "ChessBase"]
[SourceQuality "1"]

{[%evp 14,77,37,28,44,33,32,38,34,33,43,16,32,5,5,0,1,-19,0,-14,-16,-16,-12,-12,0,-11,52,42,37,35,41,60,63,30,70,21,40,28,40,0,194,185,194,176,138,154,550,566,552,550,989,983,929,885,1608,1051,1263,775,1850,1770,1537,1434,29989,29990,29996,29997]} 1. b3 d5 2. Bb2 Bg4 3. g3 c6 4. Bg2 Nd7 5. Nf3 Ngf6 6. O-O Bxf3 {A07: Réti Opening: New York and Capablanca Systems} (6... e6 7. d3 Bd6 8. Nbd2 O-O 9. h3 Bxf3 10. Nxf3 Qe7 11. a3 Rfd8 12. c4 Rac8 13. Qc2 a6 14. Rfe1 e5 15. e4 dxe4 16. dxe4 Nf8 17. c5 Bxc5 18. Bxe5 Ne6 19. Qb2 {0-1 (60) Adly,A (2684)-Vladimirov,Y (2589) Pavlodar 2015}) 7. exf3 e6 8. f4 {LiveBook: 11 Games} g6 {White has an edge.} 9. d3 Bg7 10. Nd2 {[%cal Bb1d2,Bd2f3,Bf3e5][%mdl 32]} O-O 11. Nf3 a5 12. a3 Qc7 $146 ({Find the theoretical novelty and annotate with similar games:} 12... Ne8 13. Ne5 Nd6 14. Rb1 Nf5 15. Re1 Re8 16. Qd2 {1-0 (45) Brunelliere,P (2294)-Boudre,J (2397) Val d'Isere 2002}) 13. Ne5 Ne8 {[%cal Rd7e5]} 14. Re1 Nd6 15. c4 Rfd8 16. cxd5 cxd5 17. d4 a4 18. Rc1 Qb6 19. b4 Nxe5 ({Black should play} 19... Qa7 $11) 20. dxe5 $14 {[#] Strongly threatening Bd4.} Nc4 21. Bd4 $36 {[%mdl 2048] White has some pressure.} Qc7 22. Rc3 b5 23. g4 Rac8 24. Bf1 Qd7 25. Rg3 Bh6 26. f5 exf5 $2 (26... Bg5 $11 {and Black is okay.}) 27. gxf5 $18 Qxf5 28. Bh3 Qf4 29. e6 {[%cal Be5e6,Be6e7][%mdl 1056] White has strong compensation.} f5 $2 (29... Re8 $16) 30. e7 Re8 31. Bg2 {[%cal Rg2d5] [#]} Qd6 32. Bc5 Rxc5 33. bxc5 Qf6 34. Bxd5+ Kg7 35. Bxc4 f4 36. Re6 Qb2 37. Rd3 bxc4 38. Rd8 c3 39. Qd4+ {Precision: White = 43%, Black = 46%.} 1-0

[Event "Saint Louis Blitz 2017"]
[Site "Saint Louis"]
[Date "2017.08.17"]
[Round "6"]
[White "Anand, Viswanathan"]
[Black "Kasparov, Garry"]
[Result "1/2-1/2"]
[WhiteElo "2783"]
[BlackElo "2812"]
[Annotator "TA"]
[PlyCount "111"]
[EventDate "2017.??.??"]
[EventType "tourn"]
[EventCountry "USA"]
[SourceTitle "playchess.com"]
[Source "ChessBase"]
[SourceQuality "1"]

{[%evp 29,111,22,29,18,30,0,0,-27,0,0,0,0,0,0,0,-14,-22,-23,0,0,0,0,0,0,0,0,0,0,0,-13,0,0,7,0,12,0,14,1,59,0,4,0,0,0,0,-97,-97,-97,-97,-97,-82,-82,-82,-82,-82,-82,-50,-50,-50,-50,-50,-82,0,-50,0,-82,-82,-87,-87,-87,-87,-87,-87,-87,-82,-89,-89,-97,-87,-87,-87,-87,-87,-87]} 1. e4 c5 2. Nf3 Nc6 3. Bb5 g6 4. O-O Bg7 5. Bxc6 bxc6 6. Re1 Nf6 {[%cal Bg8f6,Bf6d5,Bd5c7,Bc7e6][%mdl 32]} 7. e5 Nd5 8. c4 Nc7 9. d4 cxd4 10. Qxd4 Ne6 11. Qh4 {B31: Sicilian: 2...Nc6 3 Bb5 g6} d6 12. exd6 Qxd6 13. Nc3 h5 (13... Bf6 14. Bg5 Nxg5 15. Nxg5 Bf5 16. Nce4 Bxe4 17. Nxe4 Bxh4 18. Nxd6+ Kf8 19. Ne4 Kg7 20. g3 Bf6 21. Nxf6 Kxf6 22. Rad1 Rhd8 23. f4 {½-½ (23) Kasimdzhanov,R (2691)-Gelfand,B (2743) Tashkent 2016}) 14. Bd2 O-O 15. Ne4 Qc7 {LiveBook: 6 Games} 16. Bc3 f6 17. Qg3 Qxg3 18. hxg3 Rd8 19. Ba5 $146 Rd3 20. Rad1 Rxd1 21. Rxd1 Kf7 22. Nd4 (22. b3 {looks sharper.} c5 23. Ne1 Bb7 24. Nc3 Bc6 25. f3) 22... Nxd4 23. Rxd4 Be6 24. b3 Bf8 25. Nc5 Bf5 26. Rd1 Ke8 27. Na6 Rc8 28. Bb4 c5 29. Ba5 $1 ({Much worse is} 29. Nxc5 a5 $17) 29... e5 30. Nc7+ Kf7 31. Nb5 Ra8 32. Kf1 a6 33. Nd6+ Ke6 (33... Bxd6 $1 $11 34. Rxd6 Bb1) 34. Nb7 ({Better is} 34. Nxf5 $14 Kxf5 35. Rd7) 34... Be7 35. Nd8+ Bxd8 $1 36. Bxd8 $11 {[%mdl 4096] Endgame KRB-KRB} Bb1 37. Bc7 (37. Rd2 $11) 37... Bxa2 $17 38. Rd6+ Ke7 39. Rb6 a5 40. Bd6+ Kf7 41. Bxc5 a4 {[#] ...a3 is the strong threat.} 42. bxa4 Bxc4+ 43. Kg1 Rxa4 44. Rb7+ Ke6 45. Rb6+ Kf7 46. Rb7+ $1 Ke6 47. Rb6+ Kf5 {Black is better.} 48. Rb4 Ra1+ 49. Kh2 Bd5 50. Rb6 Rc1 51. Be3 Rc2 (51... Rc3 {seems wilder.} 52. Rd6 Bf7 53. Bb6 g5 54. Be3 Ra3) 52. Rb4 g5 {[%cal Bg6g5,Bg5g4][%mdl 32]} 53. Ra4 g4 54. Ra5 Be4 55. Rc5 Ra2 56. Rc8 {Precision: White = 57%, Black = 57%.} 1/2-1/2

[Event "Saint Louis Blitz 2017"]
[Site "Saint Louis"]
[Date "2017.08.17"]
[Round "6"]
[White "Le, Quang Liem"]
[Black "Dominguez Perez, Leinier"]
[Result "1/2-1/2"]
[WhiteElo "2739"]
[BlackElo "2739"]
[Annotator "TA"]
[PlyCount "87"]
[EventDate "2017.??.??"]
[EventType "tourn"]
[EventCountry "USA"]
[SourceTitle "playchess.com"]
[Source "ChessBase"]
[SourceQuality "1"]

{[%evp 9,87,0,0,0,0,0,0,-10,0,-4,5,14,20,-11,21,35,41,-4,-9,-8,-7,-30,-4,-55,-52,-66,-21,-33,0,-17,15,15,27,9,10,0,29,-51,-47,-46,-41,-82,-82,-74,-67,-71,-43,-52,-16,-16,-16,-24,0,0,0,-20,-24,-25,-4,-5,0,0,0,-1,-1,-1,-1,0,-1,-1,-1,-16,-14,-14,0,0,0,-6,0,0]} 1. d4 d5 2. Bf4 Bf5 3. e3 e6 4. c4 (4. Bd3 Bxd3 5. Qxd3 c6 6. Nd2 Nf6 7. Ngf3 Be7 8. O-O O-O 9. h3 Nbd7 10. a4 c5 11. a5 c4 12. Qe2 b5 13. axb6 axb6 14. Ne5 Nxe5 15. dxe5 {1-0 (45) Carlsen,M (2855)-Giri,A (2785) Bilbao 2016}) 4... Bxb1 5. Qxb1 Bb4+ 6. Kd1 $1 {D00: 1 d4 d5: Unusual lines} Bd6 7. Bg3 Nf6 $146 ({Predecessor:} 7... f5 8. cxd5 Bxg3 9. hxg3 Qxd5 10. Qc2 Nc6 11. Nh3 Nge7 {0-1 (37) Saghy,K (1807)-Pal,B (1808) Hungary 2008}) 8. cxd5 Nxd5 9. Nf3 c5 10. Bb5+ Nc6 11. Ke2 (11. Bxc6+ $5 bxc6 12. Qc2 $11) 11... O-O 12. Bxc6 bxc6 13. Qc2 ({Of course not} 13. Bxd6 Qxd6 14. dxc5 (14. Ng5 f5 $15) 14... Qxc5 $15) 13... cxd4 14. Nxd4 c5 15. Nb5 Be7 16. Nc3 ({White should play} 16. Rhd1 $11) 16... Nb4 $15 17. Qe4 Qb6 {[#] Strongly threatening ...Qa6+.} (17... c4 $5) 18. Qc4 $1 Bf6 (18... Nd5 {looks sharper.} 19. Rhb1 Rfd8 20. Kf1 Rd7 21. a3 Rad8) 19. Rhd1 Bxc3 (19... Nd5 $5 20. Rab1 Bxc3 21. bxc3 Qa5 $11) 20. bxc3 Nd5 21. Kf1 Qa5 22. Be5 Rfd8 23. Qg4 (23. Kg1 $11) 23... Qa6+ 24. c4 {[%csl Ge5][%cal Rg4g7] [#]} f6 25. Bg3 Nc3 26. Rxd8+ Rxd8 27. Kg1 Qc6 28. h4 Qe4 (28... Qd7 {is more complex.} 29. f3 h6 30. Kh2 Kh8 31. Be1 Nd1) 29. Qxe4 Nxe4 $11 {[%mdl 4096] Endgame KRB-KRN} 30. Rb1 Rd2 31. Rb8+ Kf7 32. Rb7+ Kg6 33. Rxa7 h5 34. a4 {The position is equal.} e5 35. a5 Ra2 36. Kh2 Nd2 37. a6 Nxc4 38. Rc7 Rxa6 {With the idea ...Ra5.} 39. Rxc5 Nd2 40. Rc1 Ra3 41. Rd1 Ne4 (41... Rd3 $5 {[%cal Rd2f3]} 42. Kh3 Kf5 $15) 42. Re1 Kf7 43. f3 Nxg3 44. Kxg3 {Precision: White = 60%, Black = 49%.} 1/2-1/2

[Event "Saint Louis Blitz 2017"]
[Site "Saint Louis"]
[Date "2017.08.17"]
[Round "7"]
[White "Kasparov, Garry"]
[Black "Aronian, Levon"]
[Result "0-1"]
[WhiteElo "2812"]
[BlackElo "2799"]
[Annotator "TA"]
[PlyCount "72"]
[EventDate "2017.??.??"]
[EventType "tourn"]
[EventCountry "USA"]
[SourceTitle "playchess.com"]
[Source "ChessBase"]
[SourceQuality "1"]

{[%evp 15,72,18,4,-27,-27,-37,18,-21,22,10,51,39,45,49,54,42,80,85,82,86,83,83,129,118,125,108,94,88,127,82,78,18,24,0,0,0,0,0,0,0,0,0,-3,-56,-42,-71,-73,-147,-95,-117,-115,-255,-266,-291,-266,-300,-235,-547,-547]} 1. d4 Nf6 2. c4 e6 3. Nc3 Bb4 4. Qc2 O-O 5. a3 Bxc3+ 6. Qxc3 d5 7. Nf3 dxc4 8. Qxc4 b6 {LiveBook: 380 Games} 9. h4 $146 {E36: Nimzo-Indian: Classical: 4...d5 5 a3} ({Predecessor:} 9. Bg5 Ba6 10. Qa4 Qd7 11. Qc2 c5 12. dxc5 Rc8 13. Bxf6 gxf6 14. Rd1 Qe7 15. Qe4 Qxc5 16. e3 Bxf1 17. Kxf1 {½-½ (46) So,W (2770)-Nakamura,H (2787) Bilbao 2016}) 9... Bb7 10. Bg5 Qd5 (10... Nbd7 $15) 11. Rc1 {The position is equal.} Nbd7 12. Qxd5 (12. Bxf6 $5 Qxc4 13. Rxc4 Nxf6 14. Ne5 $11) 12... Bxd5 13. Ne5 c5 14. Bxf6 Nxf6 15. dxc5 bxc5 {[#]} 16. f3 $1 Rab8 17. e4 Ba2 18. Rc2 Bb1 19. Rd2 Rfd8 20. Rxd8+ Rxd8 21. Bb5 Nh5 22. g4 Nf4 23. Kf2 (23. Rh2 $16) 23... f6 $1 $11 {[#] And now ...Rd2+ would win.} 24. Nc6 Rd2+ 25. Ke3 Rxb2 {[%cal Rf4g2]} 26. Kxf4 Rxb5 {[%mdl 4096] Endgame KRB-KRN} 27. Rd1 h6 28. h5 Rb3 {Strongly threatening ...e5+.} 29. e5 ({Better is} 29. Rd8+ $11 Kh7 30. e5) 29... Bd3 $15 30. a4 c4 31. Nxa7 (31. Rc1 $142) 31... Ra3 (31... Be2 $142 32. Rd8+ Kh7) 32. Nb5 Rxa4 33. Ke3 (33. Nc3 $17 {is a better defense.} Ra3 34. Rc1) 33... fxe5 $19 34. Nd6 Ra3 {Hoping for ...Bc2+.} 35. Kf2 Kf8 36. Nb5 $2 (36. Nb7 {is tougher.}) 36... Rb3 {Precision: White = 27%, Black = 70%.} 0-1

[Event "Saint Louis Blitz 2017"]
[Site "Saint Louis"]
[Date "2017.08.17"]
[Round "7"]
[White "Karjakin, Sergey"]
[Black "Nakamura, Hikaru"]
[Result "1-0"]
[WhiteElo "2773"]
[BlackElo "2792"]
[Annotator "TA"]
[PlyCount "111"]
[EventDate "2017.??.??"]
[EventType "tourn"]
[EventCountry "USA"]
[SourceTitle "playchess.com"]
[Source "ChessBase"]
[SourceQuality "1"]

{[%evp 19,111,40,38,27,37,22,29,23,26,28,38,39,44,59,62,35,73,50,55,31,57,59,102,25,18,25,56,46,60,47,52,29,48,43,29,20,28,17,29,35,24,22,114,118,124,107,134,127,243,221,275,286,284,278,344,335,425,417,488,413,539,514,472,393,525,501,501,501,500,490,508,501,567,567,545,495,927,982,997,946,12818,11851,5281,2116,6597,8916,12822,2419,12837,12836,12837,12839,12839,12840]} 1. e4 e5 2. Nf3 Nc6 3. Bb5 Nf6 4. O-O Nxe4 5. Re1 Nd6 6. Nxe5 Be7 7. Bf1 Nf5 {C67: Ruy Lopez: Berlin Defence: 4 0-0 Nxe4} 8. Nf3 O-O 9. d4 d5 10. c3 Bd6 {LiveBook: 78 Games} 11. b3 $146 ({Predecessor:} 11. Bd3 Re8 12. Rxe8+ Qxe8 13. Qc2 Nce7 14. Nbd2 f6 15. Nf1 {½-½ (37) Shankland,S (2666)-So,W (2822) Saint Louis 2017}) 11... Re8 12. Rxe8+ Qxe8 13. Na3 a6 14. Nc2 Bd7 15. c4 dxc4 16. bxc4 Rd8 17. Bb2 Bc8 18. Qd2 Qf8 19. Rd1 b6 20. Bd3 Nce7 21. Ng5 (21. g4 $16) 21... Ng6 $11 {[#] Threatens to win with ...Bf4.} 22. g3 Be7 23. Ne4 Nd6 24. Qe2 Bb7 25. Nxd6 Bxd6 26. Ne3 Re8 27. Qc2 Bf3 28. Rc1 Ba3 29. c5 Bxb2 30. Qxb2 bxc5 (30... b5 $11 {remains equal.}) 31. Rxc5 $16 Qd6 32. Qc3 h6 33. Rxc7 Rd8 (33... Ne7 $16 {might work better.}) 34. Rc8 $40 {[%mdl 128] White has strong attack.} Ne7 35. Rxd8+ Qxd8 36. Bxa6 Nc6 37. d5 Ne7 38. Bc4 Qd6 39. Qd4 Bh5 40. Kg2 Bg6 41. Bd3 f5 42. Nc4 {White is clearly winning.} Qxd5+ 43. Qxd5+ Nxd5 $18 {[%mdl 4096] Endgame KBN-KBN} 44. Ne5 Kh7 45. a4 {[%cal Ba2a4,Ba4a5][%mdl 32]} Nb4 46. a5 Be8 47. Bxf5+ g6 (47... Kg8 $142 48. Kf3 Kf8) 48. Bd7 Bxd7 49. Nxd7 {KN-KN} Na6 50. Kf3 Kg7 51. Ke4 Kf7 52. Kd5 Ke7 53. Ne5 (53. Kc6 $142 Nb4+ 54. Kb5) 53... Kf6 54. Nd3 Ke7 55. Kc6 Kd8 56. Kb7 {Precision: White = 63%, Black = 39%.} 1-0

[Event "Saint Louis Blitz 2017"]
[Site "Saint Louis"]
[Date "2017.08.17"]
[Round "7"]
[White "Nepomniachtchi, Ian"]
[Black "Caruana, Fabiano"]
[Result "1-0"]
[WhiteElo "2751"]
[BlackElo "2807"]
[Annotator "TA"]
[PlyCount "93"]
[EventDate "2017.??.??"]
[EventType "tourn"]
[EventCountry "USA"]
[SourceTitle "playchess.com"]
[Source "ChessBase"]
[SourceQuality "1"]

{[%evp 15,93,0,0,17,14,-33,-14,-40,-32,-75,-37,-37,-29,-34,-58,-98,-81,-88,-81,-85,-76,-95,-60,-85,-51,-54,-62,-81,-85,-74,-51,-78,-79,-53,-23,-30,-38,-40,8,10,36,34,81,89,79,71,100,95,158,160,208,97,248,239,194,195,244,0,0,0,302,246,581,581,581,566,29990,29991,29991,29989,29989,29990,29990,5152,29993,29994,29994,29995,29997,29998]} 1. e4 c5 2. Nf3 e6 3. d4 cxd4 4. Nxd4 a6 5. c4 Nf6 6. Nc3 Bb4 7. Qd3 {B41: Sicilian: Kan Variation: 5 c4} d6 (7... O-O 8. Be2 Qc7 9. O-O Nc6 10. Nxc6 dxc6 11. Bg5 Be7 12. Be3 b5 13. Rac1 b4 14. Nb1 c5 {0-1 (61) Anand,V (2779)-Ivanchuk,V (2747) Doha 2016}) 8. Be2 O-O {LiveBook: 3 Games} 9. O-O {The position is equal.} Bxc3 $146 ({Predecessor:} 9... Nbd7 10. Qc2 Nc5 11. Bf3 Bxc3 12. bxc3 Qc7 13. Rb1 Rb8 14. g3 Re8 {0-1 (51) Kantans,T (2449)-Miezis,N (2515) Vilnius 2014}) 10. Qxc3 Nxe4 (10... e5 $5 {[%cal Re5d4]} 11. Nb3 Nxe4 $11) 11. Qc2 Nf6 12. Bg5 h6 (12... e5 $5 {[%cal Re5d4]} 13. Nf3 h6 $15) 13. Bh4 e5 14. Nf5 Nc6 15. Ne3 Nd4 16. Qd1 g5 17. Bg3 Be6 18. Bd3 Nd7 {Hoping for ...f5.} 19. Nc2 {next Nxd4 is good for White.} Nxc2 20. Bxc2 Qe7 ({Of course not} 20... Bxc4 $6 21. Qxd6 Nf6 22. Rfd1 $11) 21. b3 f5 {White must now prevent ...f4.} 22. f3 b5 23. cxb5 axb5 24. Qd2 Nf6 {[%cal Bd7f6,Bf6d5,Bd5f4][%mdl 32]} 25. Rfd1 Nd5 26. Bd3 Rab8 27. a4 bxa4 28. bxa4 Nf4 29. Bf1 {[%mdl 1024] White has strong compensation.} d5 30. Re1 Qd6 31. a5 $1 d4 ({Black should try} 31... Bc8) 32. a6 $16 {Strongly threatening Bxf4.} Ra8 33. a7 (33. Bxf4 $1 $18 {and White stays clearly on top.} gxf4 34. Qe2) 33... Rfe8 $2 (33... d3 $16) 34. Ra6 $18 Qc7 35. Bxf4 gxf4 36. Rxe6 $2 (36. Rc1 $18 Qd7 37. Qa5) 36... Rxe6 $11 37. Qa2 $36 {[%mdl 2048] White fights for an advantage.} Qb6 $2 {[%mdl 8192]} (37... Qf7 $11 38. Rxe5 Rxe5) 38. Bc4 ({Don't go for} 38. Rxe5 $2 d3+ 39. Kh1 Rxa7 $3 $19 {[%mdl 512]}) 38... Kf7 $2 (38... Kg7 {is a better chance.}) 39. Rxe5 $1 $18 ({Worse is} 39. Bxe6+ Qxe6 40. Qa5 Qd7 $11) 39... d3+ 40. Kf1 Qd4 41. Rxe6 Kg7 42. Re7+ Kf6 43. Rf7+ Kg5 44. h4+ (44. Qa5 $142 Qf6 {[#]} 45. h4+ $1 {[%mdl 512]} Kg6 46. h5+ $1 {[%mdl 512]} Kg5 47. Rxf6 Kxf6 48. Qb6+ Ke7 49. Qc7+ Ke8 50. Be6 Rxa7 51. Qxa7 d2 52. Qf7+ Kd8 53. Qd7#) 44... Kh5 45. Rxf5+ {White mates.} Kg6 46. Qa6+ Kg7 47. Rf7+ {Precision: White = 51%, Black = 35%.} 1-0

[Event "Saint Louis Blitz 2017"]
[Site "Saint Louis"]
[Date "2017.08.17"]
[Round "7"]
[White "Dominguez Perez, Leinier"]
[Black "Anand, Viswanathan"]
[Result "1/2-1/2"]
[WhiteElo "2739"]
[BlackElo "2783"]
[Annotator "TA"]
[PlyCount "56"]
[EventDate "2017.??.??"]
[EventType "tourn"]
[EventCountry "USA"]
[SourceTitle "playchess.com"]
[Source "ChessBase"]
[SourceQuality "1"]

{[%evp 17,56,0,0,-7,0,2,8,0,58,44,70,31,28,41,39,30,38,12,25,10,0,4,12,0,0,0,100,0,0,-18,20,14,12,9,12,0,11,0,14,0,8]} 1. e4 e5 2. Nf3 Nc6 3. Bb5 Nf6 4. O-O Nxe4 5. Re1 Nd6 6. Nxe5 Be7 7. Bd3 Nxe5 8. Rxe5 O-O 9. Nc3 Ne8 {LiveBook: 4 Games. C67: Ruy Lopez: Berlin Defence: 4 0-0 Nxe4} (9... Bf6 10. Re1 b6 11. Nd5 Bb7 12. Qf3 Bxd5 13. Qxd5 Re8 14. Re3 h6 15. Bf1 Bg5 16. Rxe8+ Qxe8 17. d4 Bxc1 18. Rxc1 {½-½ (48) Dominguez Perez,L (2732)-Ponomariov,R (2712) Huaian 2016}) 10. Re1 Nf6 11. Qe2 $146 ({Predecessor:} 11. b3 d5 12. Bb2 Bg4 13. f3 Bh5 14. Ne2 Bg6 15. Nf4 Bd6 16. Nxg6 hxg6 17. Bf1 {½-½ (46) Speijer,A-Schlechter,C Hamburg 1910}) 11... Re8 12. Ne4 $1 {[%cal Re4f6]} Nxe4 ({Black should try} 12... Rf8 $11) 13. Qxe4 $14 g6 14. b3 d5 15. Qe5 {Ba3! is the strong threat.} Bf5 {[#] White must now prevent ...Bf6.} 16. Bb2 $1 {[%csl Gb2][%cal Re5h8]} ({Reject} 16. Bxf5 Bf6 $15) 16... f6 17. Qe3 {aiming for Bxf5.} (17. Qc3 {feels hotter.} Bxd3 18. Qxd3 c6 19. Qf3 Qd6 20. Rad1) 17... Qd7 18. Qf3 Bxd3 19. Qxd3 Kf7 20. Re3 c6 21. Rae1 Bd6 {[#]} (21... Bc5 $11) 22. g3 (22. Qd4 $1 $16 {[%cal Rd4f6]} Qf5 23. Qh4) 22... Rxe3 $11 {The position is equal.} 23. Qxe3 Bf8 24. d3 (24. Qf4 $5 {[%cal Rf4f6]} Bg7 25. c4 $11) 24... Qe7 25. Qd2 Qd6 26. Qe3 Qe7 27. Qd2 (27. Qc1 $5 {[%cal Re1e7]} Qd6 28. Qe3 $14) 27... Qd6 28. Qe3 Qe7 {Precision: White = 12%, Black = 78%.} 1/2-1/2

[Event "Saint Louis Blitz 2017"]
[Site "Saint Louis"]
[Date "2017.08.17"]
[Round "7"]
[White "Navara, David"]
[Black "Le, Quang Liem"]
[Result "1-0"]
[WhiteElo "2737"]
[BlackElo "2739"]
[Annotator "TA"]
[PlyCount "65"]
[EventDate "2017.??.??"]
[EventType "tourn"]
[EventCountry "USA"]
[SourceTitle "playchess.com"]
[Source "ChessBase"]
[SourceQuality "1"]

{[%evp 15,65,0,0,0,17,14,12,10,48,0,34,32,29,41,42,35,50,41,89,85,103,102,108,108,241,233,228,247,554,491,491,470,447,452,466,454,442,404,461,452,437,441,483,477,458,440,919,919,29972,29974,29966,12441]} 1. e4 e5 2. Nf3 Nc6 3. Bb5 Nf6 4. d3 Bc5 5. c3 O-O 6. O-O d6 7. Bg5 h6 {C65: Ruy Lopez: Berlin Defence (3...Nf6), unusual lines and 4 0-0 Bc5} 8. Bh4 g5 {LiveBook: 58 Games} 9. Bg3 a6 {The position is equal.} 10. Bxc6 bxc6 11. d4 $146 ({Predecessor:} 11. Re1 Ba7 12. d4 g4 13. dxe5 Nh5 14. Nd4 Nxg3 15. Nxc6 Bxf2+ 16. Kxf2 {½-½ (26) Sutovsky,E (2655)-Zhou,J (2566) Khanty-Mansiysk 2007}) 11... Ba7 12. Nbd2 exd4 13. Nxd4 Bg4 14. Qc2 Qd7 15. f3 $36 {[%mdl 2048] Black is under pressure.} c5 16. Ne2 Bh5 {[#]} 17. c4 $1 Bg6 {[#]} 18. f4 $1 Rae8 {[%cal Rf6e4]} 19. Nc3 gxf4 (19... Nh5 $16 {was called for.}) 20. Bxf4 $18 Kh7 {[#]} 21. Bxh6 $1 {[%mdl 512]} Nxe4 $2 (21... Kxh6 22. Rxf6 Kg7) 22. Ndxe4 {Hoping for Nf6+.} Kxh6 23. Qd2+ Kg7 24. Nf6 Qd8 25. Nxe8+ Rxe8 26. Rae1 Rxe1 27. Qxe1 c6 28. Ne2 d5 29. Nf4 Bb8 30. Nxg6 fxg6 (30... Kxg6 $142 31. Qf2 f6 32. cxd5 cxd5 33. Qxc5 Be5) 31. Qe6 {Rf7+ would kill now.} Qg5 32. Qf7+ Kh6 33. Qf8+ {Precision: White = 95%, Black = 26%.} 1-0

[Event "Saint Louis Blitz 2017"]
[Site "Saint Louis"]
[Date "2017.08.17"]
[Round "8"]
[White "Kasparov, Garry"]
[Black "Dominguez Perez, Leinier"]
[Result "1-0"]
[WhiteElo "2812"]
[BlackElo "2739"]
[Annotator "TA"]
[PlyCount "123"]
[EventDate "2017.??.??"]
[EventType "tourn"]
[EventCountry "USA"]
[SourceTitle "playchess.com"]
[Source "ChessBase"]
[SourceQuality "1"]

{[%evp 24,123,14,2,25,0,0,0,0,0,0,0,0,0,0,0,11,0,0,4,0,-7,0,0,-7,-6,-4,-70,-6,-111,0,-9,98,32,28,27,38,36,62,71,72,37,65,71,130,134,131,133,177,176,183,183,170,170,211,185,218,213,401,341,288,85,93,72,72,14,464,207,162,0,418,77,158,85,106,85,85,177,171,0,26,0,296,22,23,22,556,541,525,448,315,22,2496,2135,29945,29954,12835,7498,12833,12258,7498,6992]} 1. e4 e5 2. Nf3 Nc6 3. Bb5 Nf6 4. Nc3 {[%cal Bb1c3,Bc3d5,Bd5e3][%mdl 32]} Nd4 5. Ba4 Bc5 6. Nxe5 O-O 7. Nd3 Bb6 8. e5 Ne8 9. Nd5 c6 {C48: Four Knights: 4 Bb5, replies other than 4...Bb4} 10. Ne3 d5 11. O-O f6 12. c3 Nf5 13. Bc2 {LiveBook: 3 Games} (13. b4 Qc7 14. b5 fxe5 15. Ba3 Rf6 16. Nb4 e4 17. bxc6 Rh6 18. h3 Nh4 19. Nbxd5 Qe5 20. cxb7 Nf3+ 21. Qxf3 exf3 22. bxa8=Q {1-0 (22) Morozevich,A (2760)-Svidler,P (2769) Thessaloniki 2013}) 13... Qe7 14. f4 Nxe3 15. dxe3 Bf5 16. a4 {[#]} Bc7 $146 {[%cal Rf6e5]} ({Predecessor:} 16... a5 17. b3 {1-0 (36) Kornev,A (2565)-Nielsen,P (2653) Warsaw 2005}) 17. b3 {Threatens to win with Ba3.} fxe5 18. Ba3 Bd6 19. Bxd6 Nxd6 20. Nxe5 Bxc2 $1 21. Qxc2 Nf7 $1 22. Ng4 h5 $1 {[%cal Rh5g4]} 23. Nf2 Qxe3 24. g3 Rae8 25. Qg6 (25. c4 $11) 25... Qf3 (25... Qxc3 $15 26. Qxh5 Nd6) 26. Rae1 (26. Nd3 $11 Qe3+ 27. Nf2) 26... Rxe1 (26... Qxc3 $17 27. Nd3 h4 28. gxh4 Qxb3) 27. Rxe1 $11 Nh6 (27... Qxc3 $11 28. Re7 Qxb3) 28. Qd3 (28. Qe6+ $1 $16 Kh7 29. Re3) 28... Qxd3 $14 29. Nxd3 {[%mdl 4096] Endgame KRN-KRN} Nf5 30. a5 Kf7 31. Ne5+ Kg8 32. b4 Re8 33. Kf2 a6 (33... Nh6 $142) 34. Nd7 $16 Rxe1 35. Kxe1 {KN-KN} Kf7 36. Ke2 Ke7 37. Nc5 Nd6 38. h3 {[%cal Bh2h3,Bh3g4][%mdl 32]} Kf6 39. g4 hxg4 40. hxg4 g5 $2 (40... g6 41. Kf2 Kg7) 41. Kf3 Kg6 42. f5+ $2 (42. Kg3 $1 $18) 42... Kf6 43. Ke3 Nc4+ 44. Kd4 ({Better is} 44. Kf2 $16) 44... Nd6 $2 {[%mdl 8192] [#]} (44... Ne5 $11) 45. Nd7+ (45. c4 $142 $1 {[%mdl 512]}) 45... Ke7 $18 46. Nc5 $2 (46. Ne5 $1) 46... Kf6 {[#]} 47. Kd3 $2 (47. c4 $1 $18 {[%mdl 512]}) 47... Ke5 (47... Ke7 $142) 48. Ke3 $16 {[%cal Rc5d7]} Kf6 49. Kd4 Nb5+ 50. Kd3 Nd6 51. Ke3 (51. Nd7+ $18 Ke7 52. Nc5) 51... Nc4+ $1 $11 52. Kd4 $2 {[%mdl 8192]} (52. Ke2 $11 Nd6 53. Kd3) 52... Nd6 $18 53. Ne6 $2 (53. Nd3 $18 {Strongly threatening Kc5.} Ke7 54. Ne5) 53... Ne4 $11 54. Nd8 Nd6 $2 {[%mdl 8192] [#]} (54... Nf2 $1 $11) 55. Kc5 $1 $18 {[%cal Rc5d6]} Ne4+ 56. Kb6 Nxc3 {[#] aiming for ...d4.} 57. Nxb7 $2 (57. Ne6 $1 $18) 57... Na2 $2 {[%mdl 8192]} (57... Ne4 $11 58. Nc5 (58. Kxc6 d4 $11) 58... Nxc5 59. Kxc5 Kf7) 58. Kxa6 Nxb4+ 59. Kb6 d4 60. Nc5 {White is clearly winning.} d3 {[#]} 61. Nxd3 $1 {[%mdl 512]} Nxd3 62. a6 {Precision: White = 37%, Black = 33%.} 1-0